<?xml version="1.0" encoding="UTF-8"?>
<marc:record xmlns:marc="http://www.loc.gov/MARC21/slim">
   <marc:leader>00000nam a2200000 a 4500</marc:leader>
   <marc:datafield ind1=" " ind2=" " tag="653">
      <marc:subfield code="a">PBS / Kinder- und Jugendbücher/Abenteuer</marc:subfield>
   </marc:datafield>
   <marc:datafield ind1=" " ind2=" " tag="653">
      <marc:subfield code="a">Spielgeschichten</marc:subfield>
   </marc:datafield>
   <marc:datafield ind1=" " ind2=" " tag="653">
      <marc:subfield code="a">Unterhaltung</marc:subfield>
   </marc:datafield>
   <marc:datafield ind1=" " ind2=" " tag="653">
      <marc:subfield code="a">Spielerisches Lernen: Abenteuer</marc:subfield>
   </marc:datafield>
   <marc:datafield ind1="0" ind2="0" tag="245">
      <marc:subfield code="a">Nuss voraus!</marc:subfield>
   </marc:datafield>
   <marc:datafield ind1=" " ind2="1" tag="264">
      <marc:subfield code="a">Ravensburg</marc:subfield>
      <marc:subfield code="b">Ravensburger Verlag GmbH</marc:subfield>
      <marc:subfield code="c">2019</marc:subfield>
   </marc:datafield>
   <marc:datafield ind1=" " ind2=" " tag="250">
      <marc:subfield code="a">1. Auflage</marc:subfield>
   </marc:datafield>
   <marc:datafield ind1="1" ind2=" " tag="520">
      <marc:subfield code="a">Angaben aus der Verlagsmeldung

Nuss voraus!

Herbert Hörnchen hat fleißig Eicheln vergraben. Er erinnert sich an jede einzelne von ihnen. Also, fast. Ok, so in etwa. Vielleicht ein bisschen...? Die spannende Eichelsuche beginnt! Wer erinnert sich am besten und kann Herbert tatkräftig unter die Arme greifen? Ein Suchspiel ab vier Jahren, bei dem mit einem kleinen Kniff auch ältere Nuss-Jäger voll auf ihre Kosten kommen. Spiel-Inhalt: 1 Eichhörnchen (Elektronische Einheit) 1 Würfel 13 Eichel-Chips 12 Abdeckplättchen 24 Waldplättchen 4 Eichelplättchen 1 Eichel 1 Anleitung. Spieleranzahl: 2-4. Spieldauer: 15-20 Min. Spieleanleitung in deutsch.
</marc:subfield>
   </marc:datafield>
   <marc:datafield ind1=" " ind2=" " tag="041">
      <marc:subfield code="a">ger</marc:subfield>
   </marc:datafield>
</marc:record>
